00601nam a2200181Ia 4500008004100000020001500041041001200056082001600068100001800084245006600102260002500168300000800193650000700201700001800208942000700226999001500233952017100248221030s9999 xx 000 0 und d a0074517996 aEnglish a105.23bNag aI. J. Nagrath 0aModern Power System Analysiscby I. J. Nagrath, D. P. Kothari bTMHaNew Delhic1998 a247 aEE aD. P. Kothari cBK c5899d5899 pBE 1593g120.00l0o105.23 Nagr2024-06-13 00:00:00w2022-10-30yBK003Print4070aMIETLIBbMIETLIBcBL-Academic Block A, FL-1, CUP-34, SH-2, R-2d2000-05-1110HBE